| 000 | 01287nam a2200337 a 4500 | ||
|---|---|---|---|
| 001 | 000112506 | ||
| 003 | CHAP | ||
| 005 | 20220329144309.0 | ||
| 008 | 160606s2016 mx a fsm |||||||spa d | ||
| 010 | _a108967 | ||
| 011 | _a109939 | ||
| 040 | _cCHAP | ||
| 090 | _aTesis | ||
| 100 | 1 |
_aSarmiento Solís, Dulce Jazmín _9130829 |
|
| 245 | 1 | 0 |
_aCalidad física y fisiológica de la semilla de amaranto (Amaranthus spp.) de acuerdo a su posición en la inflorescencia y hábito de crecimiento/ _h[En línea] _cpor Dulce Jazmín Sarmiento Solís. |
| 260 |
_aChapingo, Méx. : _bEl autor, _c2016. |
||
| 500 | _aPara ver el contenido del material haga clic en la liga | ||
| 502 | _aTesis (Ing. Agr. Esp. en Fitotecnia) -- UACH. Departamento de Fitotecnia | ||
| 590 |
_aE6096MTM _b05 _c20160606 _lUCH01 _h1452 |
||
| 590 |
_aE6096MTM _b05 _c20160606 _lUCH01 _h1453 |
||
| 590 |
_aE6096MTM _b05 _c20160607 _lUCH01 _h0839 |
||
| 590 |
_aE6096MTM _b05 _c20160607 _lUCH01 _h0839 |
||
| 650 | 1 | 4 |
_aAmaranto _xSemilla. _95142 |
| 650 | 1 | 4 |
_aAmaranto _xVariedades. _95146 |
| 650 | 1 | 4 |
_aSemillas _xCalidad. _9103881 |
| 650 | 1 | 4 |
_aSemillas _xFisiología y morfología. _9103902 |
| 856 |
_aFinding aid _uhttp://10.13.5.2/tesis/sist112506.pdf _zTeclea aquí |
||
| 901 | _aBK | ||
| 942 | _cTESIS | ||
| 942 | _n0 | ||
| 999 |
_c108967 _d108967 |
||